01628nam a22002657a 4500003000900000008004100009040007100050082002400121110003600145245008800181260005300269300003300322440012400355505067900479650002101158650001701179650002301196650001401219700001601233700001901249700002801268700002001296700001901316700002701335AR-CdUCM190425b ||||| |||| 00| 0 spa d aMUNICIPALIDAD PROVINCIAL DEL CUSCOcBIBLIOTECA MUNICIPAL DEL CUSCO aRev.Andi/N°24/1994 aCentro Bartolomé de Las Casas aRevista andina /cCentro de estudios rurales andinos Bartolomé de Las Casas Cusco aCusco :bCentro Bartolomé de Las Casas,c1994. a295-570 páginas. :c23 cm. aPublicación Semestral del Centro Bartolomé de Las Casas Cusco.nAño 12, Número 24, N°2, Segundo semestre 1994. aContenido: Las imágenes visuales de estructuras textiles en el arte del antiguo Perú. Mary Frame. -- Vestimenta y jerarquía los tejidos de Angualasto del Museo Etnográfico una nueva visión. Susana F. Renard. -- Los incas del cardenal las acuarelas de la colección Massimo. Juan Carlos Estenssoro. -- El señorío de los Carangas y los chullpares del Río Lauca. Teresa Gisbert. -- Las torpes imágenes americanas devociones locales entre los Alpes y los Andes a través de las estampas Remondini. Raffaele Moro R.-- Tierra de nadie representaciones del espacio y cultura de frontera en los territorios caucheros bolivianos, 1880-1930. Andreu Viola Recasens. aTextiles andinos aTextilería aTradición andina aCaucheros aFrame, Mary aRenard, Susana aEstenssoro, Juan Carlos aGisbert, Teresa aMoro, Raffaele aViola Recasens, Andreu